书目信息 |
| 题名: |
等离子体中的集体现象
|
|
| 作者: | 卡多姆采夫 著 ;刘成海 译 | |
| 分册: | ||
| 出版信息: | 北京 原子能出版社 1983 |
|
| 页数: | 289页 | |
| 开本: | 19cm | |
| 丛书名: | ||
| 单 册: | ||
| 中图分类: | O53 | |
| 科图分类: | ||
| 主题词: | 等离子体 | |
| 电子资源: | ||
| ISBN: | ||
| 000 | 00671nam0 2200241 45 | |
| 001 | 0183011995 | |
| 005 | 20060727172508.34 | |
| 010 | @dCNY1.20 | |
| 091 | @aCN@b15175.459 | |
| 100 | @a19950808d1983 emky0chiy0121 ea | |
| 101 | 1 | @achi@crus |
| 102 | @aCN@b110000 | |
| 105 | @ay z 000yy | |
| 200 | 10 | @a等离子体中的集体现象@Adeng li zi ti zhong de ji ti xian xiang@f(苏)卡多姆采夫著@g刘成海译 |
| 210 | @a北京@c原子能出版社@d1983 | |
| 215 | @a289页@d19cm | |
| 606 | @a等离子体 | |
| 690 | @aO53@v3 | |
| 701 | 1 | @a卡多姆采夫@Aka duo mu cai fu@4著 |
| 702 | 0 | @a刘成海@Aliu cheng hai@4译 |
| 801 | 2 | @aCN@bNLC@c20060727 |
| 801 | 0 | @aCN@bTSSF |
| 905 | @a10447@dO53@e6 | |
| 等离子体中的集体现象/(苏)卡多姆采夫著/刘成海译.-北京:原子能出版社,1983 |
| 289页;19cm |
| ISBN :CNY1.20 |
| ● |
| 相关链接 |
|
|
|
|
正题名:等离子体中的集体现象
索取号:O53/6
 
预约/预借
| 序号 | 登录号 | 条形码 | 馆藏地/架位号 | 状态 | 备注 |
| 1 | 0433856 | 204338564 | 密集书库/ [索取号:O53/6] | 在馆 |